Jak dobrze znasz George'a Floyda? - Statystyki

Ogólne statystyki
  • Ten quiz został rozwiązany 14 razy
  • Średni wynik to 10 z 16
Statystyki odpowiedzi
Podpowiedź Odpowiedź % Poprawnych
Jaką dolarową wartość miał sfałszowany banknot, którym rzekomo płacił 20
100%
Ile miał lat w momencie śmierci? 46
100%
Część ciała, którą uniemożliwił mu oddychanie Kolano
100%
Rok skazania zabójcy 2021
90%
Główne motto protestów wywołanych wskutek śmierci Black Lives Matter
90%
Ostatnie słowa Floyda I can't breathe
90%
Łączny czas duszenia - x min 46 sekund (znajdź x) 8
80%
Z jakim narkotykiem przyłapywano go za młodu? Kokaina
80%
Imię i nazwisko zabójcy Derek Chauvin
60%
Pomnik którego Polaka w Waszyngtonie został zamalowany podczas protestów Tadeusza Kościuszki
60%
Do kobiety w jakim stanie włamał się do domu z bronią w ręku w 2007, za co skazano go na 5 pat węzienia? Ciężarną
40%
Data dzienna śmierci (2020) 25 maja
30%
Data dzienna jego urodzenia (1973) 14 października
20%
Miasto, w którym zdarzenie miało miejsce Minneapolis
20%
Uhonorowana Nagrodą Grammy artystka, która wykonała "Piosenkę roku" 'I can't breathe', co przybiło dawcom statuetek łatkę upolitycznienia w wyborze zwycięzców H.E.R.
10%
Drugie imię Perry
10%
Nie znaleziono quizów pasujących do podanych kryteriów
Rozkład punktacji
Procent ludzi z każdym wynikiem
Percentyl według liczby udzielonych odpowiedzi
Twoja historia wyników
Nie rozwiązałeś tego quizu